Ranking klubowy UEFA 2019/20 - 2023/24 (Yellow Box) - Statystyki

Ogólne statystyki
  • Ten quiz został rozwiązany 163 razy
    133 od ostatniego zresetowania
  • Średni wynik to 18 z 100
Statystyki odpowiedzi
Miejsce w rankingu Klub piłkarski Podpowiedź ( liga ) % Poprawnych
1 Manchester City Anglia
99%
2 Bayern Monachium Niemcy
94%
4 PSG Francja
94%
3 Real Madryt Hiszpania
93%
5 Liverpool Anglia
91%
6 Inter Mediolan Włochy
88%
8 Chelsea Anglia
62%
7 RB Lipsk Niemcy
51%
12 Barcelona Hiszpania
48%
11 Borussia Dortmund Niemcy
48%
13 Atletico Madryt Hiszpania
46%
10 Manchester United Anglia
46%
19 Porto Portugalia
37%
14 Sevilla Hiszpania
37%
20 Benfica Portugalia
36%
15 Bayer Leverkusen Niemcy
35%
17 Napoli Włochy
35%
9 Roma Włochy
34%
18 Juventus Włochy
32%
24 Ajax Holandia
31%
22 Arsenal Anglia
30%
16 Villarreal Hiszpania
28%
21 Atalanta Włochy
26%
25 Rangers Szkocja
25%
26 Szachtar Donieck Ukraina
23%
31 Sporting CP Portugalia
22%
33 PSV Holandia
20%
30 Feyenoord Holandia
19%
35 Slavia Praga Czechy
19%
37 Kopenhaga Dania
18%
29 Club Brugge Belgia
17%
32 Lazio Włochy
17%
23 West Ham Anglia
16%
28 Milan Włochy
15%
34 Tottenham Anglia
15%
42 Braga Portugalia
14%
41 AZ Alkmaar Holandia
13%
27 Eintracht Frankfurt Niemcy
13%
40 Red Bull Salzburg Austria
13%
86 Lech Poznań Polska
12%
89 Legia Warszawa Polska
12%
38 Real Sociedad Hiszpania
12%
39 Dinamo Zagreb Chorwacja
11%
53 Ferencvaros Węgry
10%
44 Gent Belgia
10%
43 OSC Lille Francja
10%
56 Fenerbahce Turcja
9%
49 Olympiakos Grecja
9%
50 PAOK Grecja
9%
54 Young Boys Szwajcaria
9%
59 Celtic Szkocja
8%
60 Galatasaray Turcja
8%
79 Zenit Rosja (Wycofany z e. rozgrywek w 2022 r.)
8%
68 Dynamo Kijów Ukraina
7%
55 Fiorentina Włochy
7%
88 Malmo Szwecja
7%
72 Partizan Belgrad Serbia
7%
57 Qarabag Agdam Azerbejdżan
7%
61 Slovan Bratysława Słowacja
7%
69 CRF Cluj 1907 Rumunia
6%
70 Łudogorec Bułgaria
6%
58 Real Betis Hiszpania
6%
85 Sheriff Mołdawia
6%
66 Viktoria Pilzno Czechy
6%
65 Bodo/Glimt Norwegia
5%
51 LASK Austria
5%
52 Maccabi Tel Awiw Izrael
5%
63 Molde Norwegia
5%
47 Rennes Francja
5%
77 Sparta Praga Czechy
5%
75 Antwerp Belgia
4%
82 Aston Villa Anglia
4%
81 Brighton & Hove Albion Anglia
4%
94 Getafe Hiszpania
4%
46 Lyon Francja
4%
90 Maccabi Hajfa Izrael
4%
98 Nice Francja
4%
93 Valencia Hiszpania
4%
87 Zoria Ukraina
4%
73 AS Monaco Francja
3%
95 Espanyol Hiszpania
3%
64 Freiburg Niemcy
3%
92 Granada Hiszpania
3%
97 Hapoel Beer Szewa Izrael
3%
100 Hoffenheim Niemcy
3%
76 Leicester City Anglia
3%
45 Marseille Francja
3%
83 Newcastle United Anglia
3%
91 Osasuna Hiszpania
3%
96 Torino Włochy
3%
74 Union Berlin Niemcy
3%
78 Wolfsburg Niemcy
3%
84 Wolverhampton Anglia
3%
36 FC Basel Belgia
1%
80 Borrusia M'gladbach Niemcy
0%
48 Crvena Zvezda Czechy
0%
62 Instanbul Basakhesir Turcja
0%
99 Koln Niemcy
0%
71 Midjtylland Dania
0%
67 Union-Saint-Gilloise Belgia
0%
Nie znaleziono quizów pasujących do podanych kryteriów
Rozkład punktacji
Procent ludzi z każdym wynikiem
Percentyl według liczby udzielonych odpowiedzi
Twoja historia wyników
Nie rozwiązałeś tego quizu od ostatniego zresetowania